Introduction to operations research / (Record no. 9302)
[ view plain ]
| 000 -LEADER | |
|---|---|
| fixed length control field | 01075cam a22003015a 4500 |
| 006 - FIXED-LENGTH DATA ELEMENTS--ADDITIONAL MATERIAL CHARACTERISTICS--GENERAL INFORMATION | |
| fixed length control field | a||||fr|||| 00| 0 |
| 008 - FIXED-LENGTH DATA ELEMENTS--GENERAL INFORMATION | |
| fixed length control field | 150816s1995 nyuad||f |||| 001 0 eng d |
| 010 ## - LIBRARY OF CONGRESS CONTROL NUMBER | |
| LC control number | 94048290 |
| 020 ## - INTERNATIONAL STANDARD BOOK NUMBER | |
| International Standard Book Number | 0078414474 (acid-free paper) |
| 020 ## - INTERNATIONAL STANDARD BOOK NUMBER | |
| International Standard Book Number | 0071139893 : |
| 020 ## - INTERNATIONAL STANDARD BOOK NUMBER | |
| International Standard Book Number | 9780071139892 |
| 040 ## - CATALOGING SOURCE | |
| Original cataloging agency | EG-ScBUE |
| Language of cataloging | eng |
| Transcribing agency | EG-ScBUE |
| 082 04 - DEWEY DECIMAL CLASSIFICATION NUMBER | |
| Classification number | 658.4032 |
| Item number | HIL |
| Edition number | 22 |
| 100 1# - MAIN ENTRY--PERSONAL NAME | |
| Personal name | Hillier, Frederick S. |
| 9 (RLIN) | 19456 |
| 245 10 - TITLE STATEMENT | |
| Title | Introduction to operations research / |
| Statement of responsibility, etc | Frederick S. Hillier, Gerald J. Lieberman. |
| 250 ## - EDITION STATEMENT | |
| Edition statement | 6th ed. |
| 260 ## - PUBLICATION, DISTRIBUTION, ETC. (IMPRINT) | |
| Place of publication, distribution, etc | New York : |
| Name of publisher, distributor, etc | McGraw-Hill, |
| Date of publication, distribution, etc | c1995. |
| 300 ## - PHYSICAL DESCRIPTION | |
| Extent | xix, 998 p. : |
| Other physical details | ill., |
| Dimensions | 24 cm.+ |
| Accompanying material | 1 disk |
| 490 ## - Series Statement | |
| Series statement | McGraw-Hill series in industrial engineering and management science |
| 504 ## - BIBLIOGRAPHY, ETC. NOTE | |
| Bibliography, etc | Includes bibliographical references and indexes. |
| 538 ## - SYSTEM DETAILS NOTE | |
| System details note | System requirements for accompanying computer disk: IBM PC compatibles. |
| 650 #0 - SUBJECT ADDED ENTRY--TOPICAL TERM | |
| Topical term or geographic name as entry element | Operations research. |
| Source of heading or term | BUEsh |
| 651 ## - SUBJECT ADDED ENTRY--GEOGRAPHIC NAME | |
| Source of heading or term | BUEsh |
| 653 ## - INDEX TERM--UNCONTROLLED | |
| Resource For college | Informatics and Computer Science |
| Arrived date list | August2015 |
| 655 ## - INDEX TERM--GENRE/FORM | |
| Form subdivision | |
| -- | 33728 |
| 700 1# - ADDED ENTRY--PERSONAL NAME | |
| Personal name | Lieberman, Gerald J. |
| 9 (RLIN) | 19458 |
| 942 ## - ADDED ENTRY ELEMENTS (KOHA) | |
| Item type | Book - Borrowing |
| Call number prefix | 658.4032H6543 |
| Source of classification or shelving scheme | Dewey Decimal Classification |
| Withdrawn status | Item status | Damaged status | Not for loan | Home library | Current library | Shelving location | Date acquired | Source of acquisition | Total Checkouts | Full call number | Barcode | Date last seen | Koha item type | Source of classification or shelving scheme | Cost, replacement price | Vendor |
|---|---|---|---|---|---|---|---|---|---|---|---|---|---|---|---|---|
| Central Library | Central Library | First floor | 07/09/2011 | Purchase | 658.4032 HIL | 000005450 | 15/07/2025 | Book - Borrowing | ||||||||
| Central Library | Central Library | First floor | 07/09/2012 | Purchase | 658.4032 HIL | 000005739 | 15/07/2025 | Book - Borrowing | ||||||||
| Central Library | Central Library | First floor | 30/04/2008 | Purchase | 658.4032 HIL | 000011246 | 15/07/2025 | Book - Borrowing | Dewey Decimal Classification | 91.80 | ||||||
| Central Library | Central Library | First floor | 08/05/2013 | 658.4032 HIL | 000011492 | 15/07/2025 | Book - Borrowing | Dewey Decimal Classification |